Стихотворения

Podrobná bibliografie
Hlavní autor: Вяземский П. А. Петр Андреевич
Další autoři: Гинзбург Л. Я. (автор предисловия), Купман К. А. (составитель)
Jazyk:ruština
Vydáno: Ленинград, Советский писатель, 1986
Edice:Библиотека поэта
Témata:
Médium: MixedMaterials Kniha
KOHA link:https://koha.lib.tpu.ru/cgi-bin/koha/opac-detail.pl?biblionumber=112544

MARC

LEADER 00000nam0a2200000 4500
001 112544
005 20231101215052.0
020 |a RU  |b 86-66505 
035 |a (RuTPU)RU\TPU\book\121689 
090 |a 112544 
100 |a 20070329d1986 m y0rusy5003 ca 
101 0 |a rus 
102 |a RU 
105 |a a z 001ay 
200 1 |a Стихотворения  |f П. А. Вяземский  |g авт. предисл. Л. Я. Гинзбург; сост. К. А. Купман 
210 |a Ленинград  |c Советский писатель  |d 1986 
215 |a 544 с., [1] л. портр.  |d 21 см 
225 1 |a Библиотека поэта  |e Большая серия 
320 |a Алфавитный указатель: с. 530-535 
610 1 |a русская литература 
610 1 |a поэзия 
675 |a Р1  |z rus 
700 1 |a Вяземский  |b П. А.  |c русский поэт  |c литературный критик  |c князь  |c государственный деятель  |c академик Петербургской АН  |f 1792-1878  |g Петр Андреевич  |2 stltpush  |3 (RuTPU)RU\TPU\pers\1041  |9 464 
702 1 |a Гинзбург  |b Л. Я.  |4 080 
702 1 |a Купман  |b К. А.  |4 220 
801 0 |a RU  |b RuMRKP  |c 19950704  |g psbo 
801 1 |a RU  |b 63413507  |c 20070329  |g PSBO 
801 2 |a RU  |b 63413507  |c 20070420  |g PSBO 
942 |c BK